000 00685nam a22002297a 4500
003 SEM
999 _c72188
_d72188
005 20220608074945.0
008 220202s1997 is ||||gr|||||001 0 eng|d
020 _a9652203696
040 _aSEM
_cSEM
041 _aeng
080 _a930.272(56.94)/Y-27
100 _aYardeni Ada
245 _aThe book of Hebrew script.
_bHistory, palaeography, script styles, calligraphy and design /
_cA. Yardeni
260 _aJerusalem :
_bCarta,
_c1997.
300 _aIX+355 p. ;
_btables;
_c31 cm
504 _aLists p.: 328-335; Bibliogr. p.: 336-338 Index p.: 339-355
650 _aPaleography
_zIsrael
650 _aHebrew script
653 _aՍԷՄ
942 _2udc
_cBK